000
00302 a2200145 4500
001
181943
020
_a
040
_c
Magnum
100
_a
Amado, Eugenio
240
1
0
_a
O veadinho encantado
_l
por
245
1
0
_a
O veadinho encantado
362
0
_a
1899
697
_a
MAGNITO: I/ANIMAIS
942
_c
BK
999
_c
181943
_d
181943